|
|
|
|
| LEADER |
01216cam a22002892i 4500 |
| 001 |
000091973 |
| 003 |
CZ BrMZK |
| 005 |
20250220125921.0 |
| 007 |
ta |
| 008 |
010907s1932 xr ab er 000 0 cze d |
| 015 |
|
|
|a cnb000937407
|
| 040 |
|
|
|a BOA001
|b cze
|c BOA002
|e rda
|
| 100 |
1 |
|
|a Machát, František,
|d 1876-1935
|7 jk01073000
|4 aut
|
| 245 |
1 |
0 |
|a Zeměpis pro nižší třídy středních škol.
|n Díl I.,
|p Zeměpis pro I. třídu středních škol /
|c napsal František Machát
|
| 246 |
3 |
0 |
|a Zeměpis pro I. třídu středních škol
|
| 246 |
1 |
3 |
|a Učebnice zeměpisu pro I. třídu
|
| 250 |
|
|
|a První vydání
|
| 264 |
|
1 |
|a V Praze :
|b V. Neubert a synové,
|c 1932
|
| 300 |
|
|
|a 119 stran, 12 nečíslovaných stran obrazových příloh :
|b ilustrace, mapy ;
|c 22 cm
|
| 336 |
|
|
|a text
|b txt
|2 rdacontent
|
| 337 |
|
|
|a bez média
|b n
|2 rdamedia
|
| 338 |
|
|
|a svazek
|b nc
|2 rdacarrier
|
| 910 |
|
|
|a BOA001
|b PK-0003.692,1
|b 2-0177.592,1
|
| 964 |
|
|
|a Zeměpis - učebnice - školy střední
|
| 990 |
|
|
|a BK
|
| 996 |
7 |
|
|b 3119004795
|c PK-0003.692,1
|l MZK
|r Sklad / do 1 hodiny
|n 0
|p dar
|w 000091973
|u 000010
|a 1
|e BOA001
|j MZK50
|s A
|
| 996 |
6 |
|
|b BC-2572356
|c 2-0177.592,1
|l MZK
|r Sklad / do 24 hodin
|n 0
|w 000091973
|u 000020
|a 1
|e BOA001
|j MZK50
|s P
|